| 000 | 00551nam a2200205Ia 4500 | ||
|---|---|---|---|
| 003 | IN-BaIIA | ||
| 008 | 211028s9999 xx 000 0 eng d | ||
| 020 | _a486-60443-8 | ||
| 040 | _cIIA Library | ||
| 080 |
_a524.834 _bREI |
||
| 100 |
_aReichenbach, Hans _96028 |
||
| 245 | 4 |
_aThe Philosophy of space and time _cHans Reichenbach |
|
| 260 |
_aNew York _bDover Publications _c1958 |
||
| 300 | _axvi, 295p. | ||
| 650 | _aAstronomy and astrophysics thesaurus | ||
| 650 | _aRelativity | ||
| 650 |
_aSpace _93725 |
||
| 650 |
_aTime _92741 |
||
| 942 | _cBK | ||
| 999 |
_c3976 _d3976 |
||